00584 2200265 4500001002100000005001500021035002000036008004100056245007000097100001900167250000600186260002900192300000900221022000600230024000600236084001400242082000800256863000600264990000900270990000700279990000700286990000900293990000900302990000700311INLIS00000000000019620200207111455 a0010-0919000016200207 0 ind 1 aPenuntun Membuat Paper Dan Menyusun Clipping /cDr. Sayoga, M.Sc. aSayoga,Dr.M.Sc a1 aJakarta :bAlumni,c1986 c21cm a0 a0 a808 SAY p a808 a0 a1189 a20 a20 a1189 a1189 a20